<?xml version="1.0" encoding="UTF-8"?>
<record
    xmlns:xsi="http://www.w3.org/2001/XMLSchema-instance"
    xsi:schemaLocation="http://www.loc.gov/MARC21/slim http://www.loc.gov/standards/marcxml/schema/MARC21slim.xsd"
    xmlns="http://www.loc.gov/MARC21/slim">

  <leader>01154nam a22002537a 4500</leader>
  <controlfield tag="003">KOHA_M&#x130;RAKIL</controlfield>
  <controlfield tag="005">20260416101422.0</controlfield>
  <controlfield tag="008">260416b        tu ||||| |||| 00| 0 tur d</controlfield>
  <datafield tag="020" ind1=" " ind2=" ">
    <subfield code="a">9786057118790</subfield>
  </datafield>
  <datafield tag="040" ind1=" " ind2=" ">
    <subfield code="a">TR-AnABB</subfield>
    <subfield code="b">tur</subfield>
    <subfield code="c">TR-AnABB</subfield>
  </datafield>
  <datafield tag="041" ind1=" " ind2=" ">
    <subfield code="a">tur</subfield>
  </datafield>
  <datafield tag="082" ind1=" " ind2=" ">
    <subfield code="a">305.892 705 613</subfield>
    <subfield code="b">PEN 2022</subfield>
  </datafield>
  <datafield tag="100" ind1="1" ind2=" ">
    <subfield code="a">Penbecio&#x11F;lu, Sezen Savran </subfield>
  </datafield>
  <datafield tag="245" ind1="1" ind2="0">
    <subfield code="a">K&#xFC;&#xE7;&#xFC;k Halep b&#xFC;y&#xFC;k umutlar :</subfield>
    <subfield code="b">Ankara Alt&#x131;nda&#x11F;'da Suriyelilerin g&#xFC;ndelik ya&#x15F;am&#x131; ve mekan&#x131; /</subfield>
    <subfield code="c">Sezen Savran Penbecio&#x11F;lu</subfield>
  </datafield>
  <datafield tag="246" ind1=" " ind2=" ">
    <subfield code="a">Ankara Alt&#x131;nda&#x11F;'da Suriyelilerin g&#xFC;ndelik ya&#x15F;am&#x131; ve mekan&#x131;</subfield>
  </datafield>
  <datafield tag="250" ind1=" " ind2=" ">
    <subfield code="a">1. bask&#x131;</subfield>
  </datafield>
  <datafield tag="260" ind1=" " ind2=" ">
    <subfield code="a">Ankara :</subfield>
    <subfield code="b">&#x130;dealkent Yay&#x131;nlar&#x131;,</subfield>
    <subfield code="c">2022</subfield>
  </datafield>
  <datafield tag="300" ind1=" " ind2=" ">
    <subfield code="a">228 sayfa ;</subfield>
    <subfield code="c">20 cm</subfield>
  </datafield>
  <datafield tag="500" ind1=" " ind2=" ">
    <subfield code="a">2020 &#x130;lhan Tekeli Doktora tez &#xF6;d&#xFC;l&#xFC;</subfield>
  </datafield>
  <datafield tag="505" ind1=" " ind2=" ">
    <subfield code="a">&#x130;&#xE7;indekiler: Ara&#x15F;t&#x131;rma yakla&#x15F;&#x131;m&#x131;: &#x130;kilikler aras&#x131;ndaki e&#x15F;iklerde durmak - D&#xFC;nyada ve T&#xFC;rkiye'de g&#xF6;&#xE7;, m&#xFC;ltecilik - G&#xF6;&#xE7;, kentsel mekan ve planlama ili&#x15F;kisi - G&#xFC;ndelik ya&#x15F;am pratikleri ve mekansal boyutlar&#x131; -Ara&#x15F;t&#x131;rma y&#xF6;ntemi - Ara&#x15F;t&#x131;rma bulgular&#x131;</subfield>
  </datafield>
  <datafield tag="650" ind1="0" ind2="4">
    <subfield code="a">G&#xF6;&#xE7; ve yerle&#x15F;im, Ankara, T&#xFC;rkiye</subfield>
  </datafield>
  <datafield tag="900" ind1=" " ind2=" ">
    <subfield code="b">Can &#xC7;ELIK</subfield>
  </datafield>
  <datafield tag="942" ind1=" " ind2=" ">
    <subfield code="2">ddc</subfield>
    <subfield code="c">BK</subfield>
  </datafield>
  <datafield tag="952" ind1=" " ind2=" ">
    <subfield code="0">0</subfield>
    <subfield code="1">0</subfield>
    <subfield code="2">ddc</subfield>
    <subfield code="7">0</subfield>
    <subfield code="a">RUK</subfield>
    <subfield code="b">RUK</subfield>
    <subfield code="d">2026-04-16</subfield>
    <subfield code="l">0</subfield>
    <subfield code="o">305.892 705 613 PEN 2022</subfield>
    <subfield code="p">RK7178</subfield>
    <subfield code="r">2026-04-16 07:59:36</subfield>
    <subfield code="w">2026-04-16</subfield>
    <subfield code="y">BK</subfield>
  </datafield>
  <datafield tag="952" ind1=" " ind2=" ">
    <subfield code="0">0</subfield>
    <subfield code="1">0</subfield>
    <subfield code="2">ddc</subfield>
    <subfield code="7">0</subfield>
    <subfield code="a">RUK</subfield>
    <subfield code="b">RUK</subfield>
    <subfield code="d">2026-04-16</subfield>
    <subfield code="l">0</subfield>
    <subfield code="o">305.892 705 613 PEN 2022</subfield>
    <subfield code="p">RK7179</subfield>
    <subfield code="r">2026-04-16 10:16:16</subfield>
    <subfield code="w">2026-04-16</subfield>
    <subfield code="y">BK</subfield>
  </datafield>
  <datafield tag="999" ind1=" " ind2=" ">
    <subfield code="c">10287</subfield>
    <subfield code="d">10287</subfield>
  </datafield>
</record>
